[Event "ICS rated standard match"]
[Site "204.178.125.65"]
[Date "2000.08.15"]
[Round "?"]
[White "Hossa"]
[Black "matemastr"]
[Result "0-1"]
[WhiteElo "2273"]
[BlackElo "2424"]
[PlyCount "98"]
[EventDate "2000.??.??"]

1. e4 e5 2. Nc3 Nf6 3. Bc4 Nc6 4. d3 Bb4 5. Bg5 h6 6. Bxf6 Bxc3+ 7. bxc3 Qxf6
8. Ne2 d6 9. O-O Be6 10. Bb5 O-O 11. f4 exf4 12. Qd2 g5 13. Bxc6 bxc6 14. Nd4
c5 15. Nc6 a5 16. c4 Ra6 17. e5 dxe5 18. Nxa5 e4 19. Nb3 Rfa8 20. Qe2 e3 21. c3
Qxc3 22. Nxc5 Ra3 23. Nxe6 fxe6 24. Qg4 Qf6 25. g3 e5 26. d4 h5 27. Qxh5 exd4
28. gxf4 gxf4 29. Qg4+ Qg7 30. Rxf4 d3 31. Kh1 R3a6 32. Rg1 Qxg4 33. Rgxg4+ Kh7
34. Rf7+ Kh6 35. Rf3 Rg6 36. Rh4+ Kg7 37. Rd4 Rb8 38. h4 e2 39. Re3 Rh8 40. Kh2
d2 41. Re7+ Kf8 42. Rxe2 d1=Q 43. Rf4+ Kg7 44. Rg2 Rhh6 45. c5 Rxg2+ 46. Kxg2
Qe2+ 47. Kh1 Rg6 48. Rg4 Rxg4 49. a3 Qg2# {Hossa checkmated} 0-1

[Event "ICS rated blitz match"]
[Site "204.178.125.65"]
[Date "2000.08.15"]
[Round "?"]
[White "Tinker"]
[Black "Hossa"]
[Result "1-0"]
[WhiteElo "2458"]
[BlackElo "2582"]
[PlyCount "185"]
[EventDate "2000.??.??"]

1. e4 c5 2. Nf3 e6 3. Nc3 a6 4. d4 cxd4 5. Nxd4 Bb4 6. Bd2 Nf6 7. e5 Bxc3 8.
bxc3 Nd5 9. Qg4 Kf8 10. Bd3 Qc7 11. Qg3 f6 12. c4 Qxe5+ 13. Qxe5 fxe5 14. cxd5
exd4 15. d6 Nc6 16. O-O Ne5 17. Be2 d3 18. cxd3 Nf7 19. Bb4 Nh6 20. Bh5 g6 21.
Bf3 Nf5 22. Be4 Nd4 23. Bc5 Ne2+ 24. Kh1 Rg8 25. Bf3 Nf4 26. d4 Kg7 27. Rfb1
Nd5 28. a4 Rf8 29. a5 Nc3 30. Rb2 Nb5 31. Rc1 Rf4 32. Rbc2 Rb8 33. Kg1 Ra8 34.
Rc4 g5 35. Bb4 Rf8 36. Be4 Rf4 37. Bd3 Rf8 38. Rc5 h6 39. Bxb5 axb5 40. Rxb5
Kh7 41. g3 Kg8 42. Rbc5 Kg7 43. Bd2 Rb8 44. Kg2 g4 45. R1c4 b5 46. axb6 Bb7+
47. Kg1 Bd5 48. Rb4 Ra8 49. Rb1 Ra2 50. Bf4 Be4 51. Re1 Bd5 52. Rc7 Rf7 53. Rb1
Ra8 54. b7 Rb8 55. Kf1 Bf3 56. Be5+ Kg6 57. Ke1 Bd5 58. Ke2 Be4 59. Rb2 h5 60.
Bf4 Bf3+ 61. Kd3 h4 62. Be5 h3 63. Ke3 Bd5 64. Rb6 Kh7 65. Ke2 Be4 66. Rb5 Bf3+
67. Ke3 Kh6 68. Bf4+ Kg7 69. Be5+ Kh6 70. Rb6 Kh5 71. Rb2 Kh6 72. Bf4+ Kg6 73.
Rb6 Kg7 74. Bg5 Bd5 75. Be7 Rf3+ 76. Ke2 Ra3 77. Rxd7 Ra7 78. Rc7 Bf3+ 79. Kd3
Bxb7 80. Ke3 Ra3+ 81. Kf4 Ra4 82. Rcxb7 Rxb7 83. Rxb7 Rxd4+ 84. Ke5 Rd5+ 85.
Kxe6 Rd1 86. Bf6+ Kh6 87. d7 Rd2 88. Kf5 Rd5+ 89. Be5 Kh5 90. d8=Q Rxe5+ 91.
Kxe5 Kg6 92. Qf6+ Kh5 93. Rh7# {Hossa checkmated} 1-0

[Event "ICS rated standard match"]
[Site "204.178.125.65"]
[Date "2000.08.15"]
[Round "?"]
[White "Hossa"]
[Black "psy2207"]
[Result "1-0"]
[WhiteElo "2266"]
[BlackElo "2131"]
[PlyCount "85"]
[EventDate "2000.??.??"]

1. d3 d5 2. c3 e5 3. e4 dxe4 4. dxe4 Qxd1+ 5. Kxd1 Nf6 6. Nd2 Be6 7. Ke1 Nbd7
8. Ngf3 O-O-O 9. Ng5 Re8 10. f3 Bc5 11. Nxe6 Rxe6 12. Nb3 Bb6 13. Bc4 Re7 14.
a4 a5 15. Bg5 h6 16. Bh4 g5 17. Bf2 Ne8 18. Bxb6 cxb6 19. Rd1 Kc7 20. h4 g4 21.
Ke2 Ng7 22. fxg4 Nf6 23. Kf3 h5 24. gxh5 Ngxh5 25. g4 Nf4 26. Nc1 Rg8 27. g5
N6h5 28. Ne2 Nxe2 29. Bxe2 f6 30. Ke3 Ng3 31. Bc4 Nxh1 32. Bxg8 fxg5 33. Rxh1
gxh4 34. Rxh4 Kc6 35. Rh6+ Kc5 36. b3 b5 37. axb5 Kxb5 38. Bc4+ Kc5 39. Bd3 b5
40. Ra6 Rh7 41. Rxa5 Rh3+ 42. Kd2 Rh2+ 43. Kc1 {psy2207 resigns} 1-0

[Event "ICS rated blitz match"]
[Site "204.178.125.65"]
[Date "2000.08.15"]
[Round "?"]
[White "Hossa"]
[Black "Tinker"]
[Result "0-1"]
[WhiteElo "2561"]
[BlackElo "2474"]
[PlyCount "140"]
[EventDate "2000.??.??"]

1. d3 d5 2. c3 e5 3. e4 dxe4 4. dxe4 Qxd1+ 5. Kxd1 Nc6 6. Nd2 Bg4+ 7. Kc2 O-O-O
8. Bc4 Bc5 9. Bxf7 Bxf2 10. h3 Bd7 11. b3 Nh6 12. Bc4 Rhf8 13. Ngf3 Bc5 14. Rd1
Kb8 15. Bd5 Rde8 16. Nc4 a6 17. Bxh6 gxh6 18. Rd2 Rf4 19. Rf1 Kc8 20. b4 Ba7
21. Rdd1 b5 22. Ncd2 Ne7 23. Ba8 Ng6 24. Nb3 Bb6 25. Nc5 Bxc5 26. bxc5 c6 27.
Bb7+ Kc7 28. Kb2 Rxe4 29. Rd6 Nf8 30. Bxa6 Ra8 31. c4 b4 32. Ng1 Rf4 33. Rxf4
exf4 34. Rf6 Ng6 35. Bb5 cxb5 36. cxb5 Bxb5 37. Kb3 Bf1 38. Kxb4 Bxg2 39. a4
Rf8 40. Rxf8 Nxf8 41. a5 f3 42. Nxf3 Bxf3 43. Kc4 Kc6 44. Kd4 Bd5 45. h4 Ne6+
46. Ke5 Kxc5 47. a6 Ng7 48. Kf6 Nh5+ 49. Ke5 Ba8 50. Ke6 Kb6 51. Kd7 Ng7 52.
Kc8 Kxa6 53. Kd8 Nf5 54. h5 Bf3 55. Kd7 Bxh5 56. Ke6 Bg4 57. Ke5 h5 58. Ke4 h4
59. Ke5 h3 60. Ke4 h2 61. Kd3 h1=Q 62. Kd2 Qh2+ 63. Kd3 Qc7 64. Ke4 Qc2+ 65.
Kd5 Qb3+ 66. Ke5 Qe3+ 67. Kd5 Qd4+ 68. Ke6 Qe4+ 69. Kd7 Kb7 70. Kd8 Qe7# {
Hossa checkmated} 0-1

[Event "ICS rated standard match"]
[Site "204.178.125.65"]
[Date "2000.08.15"]
[Round "?"]
[White "stevesand"]
[Black "Hossa"]
[Result "0-1"]
[WhiteElo "2061"]
[BlackElo "2276"]
[PlyCount "46"]
[EventDate "2000.??.??"]

1. d4 Nf6 2. Nf3 e6 3. g3 b6 4. Bg2 Bb7 5. O-O c5 6. dxc5 Bxc5 7. c4 O-O 8. Nc3
Ne4 9. Qc2 Nxc3 10. Qxc3 Na6 11. a3 Be7 12. Bf4 d6 13. Rfd1 Nc5 14. Nd2 Bxg2
15. Kxg2 Qc7 16. b4 Bf6 17. Qf3 Bxa1 18. Rxa1 Nb7 19. Ne4 e5 20. Nf6+ gxf6 21.
Bh6 Qd7 22. Qxf6 Qg4 23. Rd1 Rfe8 {stevesand resigns} 0-1

[Event "ICS rated standard match"]
[Site "204.178.125.65"]
[Date "2000.08.15"]
[Round "?"]
[White "stevesand"]
[Black "Hossa"]
[Result "1-0"]
[WhiteElo "2047"]
[BlackElo "2290"]
[PlyCount "135"]
[EventDate "2000.??.??"]

1. d4 Nf6 2. Nf3 e6 3. g3 b6 4. Bg2 Bb7 5. O-O c5 6. c4 cxd4 7. Nxd4 Bxg2 8.
Kxg2 Nc6 9. Nxc6 dxc6 10. Qa4 Qc8 11. Nc3 Be7 12. Rd1 Nd7 13. Be3 O-O 14. Rd2
Rd8 15. Rad1 Qb7 16. Kg1 Ne5 17. Rxd8+ Rxd8 18. Rxd8+ Bxd8 19. Qd1 Be7 20. b3
f5 21. Bc1 c5 22. Bb2 a6 23. Nb1 Nf7 24. Nd2 Qd7 25. Qc2 e5 26. Nb1 f4 27. Nc3
fxg3 28. hxg3 Qh3 29. Qe4 Bd6 30. Qa8+ Bf8 31. Qxa6 Qf5 32. e4 Qf3 33. Qc8 Ng5
34. Qd7 h6 35. Qf5 Be7 36. Qxf3 Nxf3+ 37. Kg2 Ne1+ 38. Kf1 Nf3 39. Nd5 Bd8 40.
Ke2 Nd4+ 41. Bxd4 exd4 42. f4 h5 43. f5 Kf7 44. e5 Ke8 45. e6 Kf8 46. a3 Ke8
47. Kd3 Kf8 48. a4 Ke8 49. Ke4 Kf8 50. Kd3 Ke8 51. b4 cxb4 52. Kxd4 Be7 53.
Nxe7 Kxe7 54. c5 bxc5+ 55. Kc4 Kd6 56. a5 Kc6 57. a6 Kc7 58. a7 Kb7 59. e7 Kxa7
60. e8=Q b3 61. Kxb3 Kb6 62. Qd7 h4 63. gxh4 Ka6 64. Kc4 Kb6 65. h5 Ka6 66.
Kxc5 g6 67. hxg6 Ka5 68. Qb5# {Hossa checkmated} 1-0

[Event "ICS rated blitz match"]
[Site "204.178.125.65"]
[Date "2000.08.15"]
[Round "?"]
[White "Hossa"]
[Black "MissSilicon"]
[Result "0-1"]
[WhiteElo "2541"]
[BlackElo "2680"]
[PlyCount "136"]
[EventDate "2000.??.??"]

1. e4 e5 2. Nf3 Nc6 3. c3 Nf6 4. d4 Nxe4 5. d5 Ne7 6. Nxe5 Ng6 7. Nxg6 hxg6 8.
Be3 Bc5 9. Bxc5 Nxc5 10. Qe2+ Kf8 11. Qe3 d6 12. Be2 Bf5 13. b4 Na4 14. Nd2 Qf6
15. Rc1 Re8 16. Qg3 Bg4 17. Qxg4 Nxc3 18. Rxc3 Qxc3 19. O-O Qe5 20. Nf3 Qxe2
21. Qd4 Qxa2 22. Ra1 Qb3 23. Qxa7 Qxb4 24. Qa2 Qc5 25. Qb3 b5 26. Qa2 Rh5 27.
Rd1 Qc4 28. Qxc4 bxc4 29. g4 Rh6 30. Rd4 c3 31. Rc4 c2 32. Rxc2 Re4 33. Rxc7
Rxg4+ 34. Kf1 Rh5 35. Rb7 Rxd5 36. h3 Rf4 37. Kg2 Rdf5 38. Rb3 d5 39. Re3 d4
40. Ra3 Rd5 41. Ra8+ Ke7 42. Ra4 g5 43. Ra7+ Kd6 44. Nd2 d3 45. f3 Ke6 46. Ra6+
Rd6 47. Ra1 f5 48. Ra7 g6 49. Rg7 Ke5 50. Rc7 Ra4 51. Rc1 Ra2 52. Rd1 Kd4 53.
Kg1 Rd7 54. Nf1 Rh7 55. Nd2 Ke3 56. Nc4+ Ke2 57. Rf1 d2 58. Kg2 d1=Q 59. Rf2+
Kd3 60. Ne5+ Kd4 61. Rxa2 Kxe5 62. Rb2 Kf4 63. Rb4+ Ke3 64. h4 Qc2+ 65. Kg1
Kxf3 66. Rb3+ Qxb3 67. Kh1 Qd1+ 68. Kh2 Rxh4# {Hossa checkmated} 0-1

[Event "ICS rated standard match"]
[Site "204.178.125.65"]
[Date "2000.08.15"]
[Round "?"]
[White "josechess"]
[Black "Hossa"]
[Result "1-0"]
[WhiteElo "2283"]
[BlackElo "2264"]
[PlyCount "153"]
[EventDate "2000.??.??"]

1. Nf3 Nf6 2. b3 g6 3. Bb2 d5 4. e3 c5 5. Bb5+ Nc6 6. Ne5 Qd6 7. Bxc6+ bxc6 8.
Qe2 Bg7 9. c4 Ng4 10. Nd3 Bxb2 11. Nxb2 Nxh2 12. f3 Bf5 13. Nc3 d4 14. Ncd1 Bc2
15. Rc1 d3 16. Qf2 f5 17. g3 Nxf3+ 18. Qxf3 O-O-O 19. Nf2 e5 20. Na4 h5 21. O-O
h4 22. Nh3 hxg3 23. Qxg3 Rd7 24. Ng5 Rh5 25. Kg2 Qe7 26. Nh3 Rh4 27. Nf2 Rh5
28. Nh3 Rh6 29. Rh1 Qd6 30. Ng5 Rxh1 31. Rxh1 Re7 32. Rh8+ Kb7 33. Rh7 Rxh7 34.
Nxh7 f4 35. exf4 exf4 36. Qg5 Bd1 37. Nxc5+ Kc8 38. Ne4 f3+ 39. Kh1 Qe6 40. Qh4
Qe5 41. Nhg5 Kb8 42. Qg3 Qxg3 43. Nxg3 Kb7 44. Kg1 Kb6 45. Kf2 Bc2 46. Nxf3 Bb1
47. a3 Ba2 48. Ke3 Bxb3 49. Kxd3 Bd1 50. Ne5 Bh5 51. Kc3 Kb7 52. Ne4 a5 53. c5
Be2 54. Nxg6 Bf3 55. Nd6+ Ka6 56. Ne5 Bg2 57. Nd7 Bd5 58. Kd4 Bg2 59. Ke5 Bf3
60. Kf6 Bd5 61. Ke7 Bf3 62. Kd8 a4 63. Kc7 Ka7 64. Nb8 Ka8 65. Nc8 Bg4 66. Nd7
Bxd7 67. Nb6+ Ka7 68. Nxd7 Ka6 69. Kxc6 Ka7 70. d4 Ka6 71. d5 Ka7 72. d6 Ka6
73. Ne5 Ka7 74. d7 Ka6 75. d8=Q Ka7 76. Qb6+ Ka8 77. Qb7# {Hossa checkmated}
1-0

[Event "ICS rated blitz match"]
[Site "204.178.125.65"]
[Date "2000.08.15"]
[Round "?"]
[White "WitPaard"]
[Black "Hossa"]
[Result "1/2-1/2"]
[WhiteElo "2295"]
[BlackElo "2531"]
[PlyCount "105"]
[EventDate "2000.??.??"]

1. e4 e5 2. Nf3 Nc6 3. Bc4 Nf6 4. Ng5 d5 5. exd5 Na5 6. Bb5+ Bd7 7. Qe2 Be7 8.
Nc3 O-O 9. a3 Nxd5 10. Bxd7 Nxc3 11. dxc3 Bxg5 12. Ba4 Bxc1 13. Rxc1 Qg5 14.
O-O a6 15. c4 Rfd8 16. Rcd1 Qf4 17. b3 Qf5 18. b4 Nc6 19. Bxc6 bxc6 20. Rd3 c5
21. Rfd1 Rxd3 22. cxd3 cxb4 23. axb4 Rb8 24. Qb2 a5 25. b5 Qg5 26. Qa3 Ra8 27.
c5 Qe7 28. Ra1 Kf8 29. h3 f5 30. Qc3 g5 31. Re1 Re8 32. b6 cxb6 33. cxb6 a4 34.
Ra1 Qd6 35. Qc7 Qxc7 36. bxc7 Rc8 37. Rxa4 Rxc7 38. Ra5 Rc1+ 39. Kh2 Re1 40. d4
Ke7 41. dxe5 Ke6 42. Ra7 Rf1 43. f3 h6 44. Ra6+ Kxe5 45. Rxh6 f4 46. Ra6 Rb1
47. Ra5+ Kf6 48. Ra4 Ke5 49. Ra5+ Kf6 50. Ra6+ Ke5 51. Rg6 Kf5 52. Ra6 Ke5 53.
Ra5+ 1/2-1/2

[Event "ICS Rated blitz match"]
[Site "204.178.125.65"]
[Date "2000.08.15"]
[Round "?"]
[White "Hossa"]
[Black "WitPaard"]
[Result "1-0"]
[WhiteElo "2522"]
[BlackElo "2304"]
[PlyCount "79"]
[EventDate "2000.??.??"]

1. Nf3 f5 2. d4 Nf6 3. d5 g6 4. e3 Bg7 5. Bc4 c6 6. dxc6 bxc6 7. O-O Qc7 8. Bb3
e5 9. Ng5 d5 10. c4 h6 11. Nf3 Be6 12. cxd5 Bxd5 13. Nc3 e4 14. Nxd5 cxd5 15.
Nd4 Qf7 16. Ba4+ Nbd7 17. Bc6 Rc8 18. Qa4 Rc7 19. Qb4 Qe7 20. Qb8+ Qd8 21.
Qxd8+ Kxd8 22. Ne6+ Kc8 23. Bb5 Ne5 24. Nxc7 Kxc7 25. Rd1 Rb8 26. a4 Nf7 27.
Bd2 Nd6 28. Rac1+ Kd8 29. Ba5+ Ke7 30. Rc7+ Kf8 31. Bb4 Rd8 32. Rxa7 Kg8 33.
Bxd6 Rxd6 34. Ra8+ Kh7 35. g3 Ng4 36. Rd2 Ne5 37. Be2 Nc6 38. Ra6 Be5 39. Rc2
Nb4 40. Rc7+ {WitPaard resigns} 1-0

[Event "ICS Rated blitz match"]
[Site "204.178.125.65"]
[Date "2000.08.15"]
[Round "?"]
[White "WitPaard"]
[Black "Hossa"]
[Result "0-1"]
[WhiteElo "2297"]
[BlackElo "2529"]
[PlyCount "102"]
[EventDate "2000.??.??"]

1. e4 e5 2. Nf3 Nc6 3. Bc4 Nf6 4. Ng5 d5 5. exd5 Na5 6. Bb5+ Bd7 7. Qe2 Be7 8.
Nc3 O-O 9. a3 Nxd5 10. Bxd7 Nxc3 11. dxc3 Bxg5 12. Ba4 Bxc1 13. Rxc1 Qd5 14.
O-O Qc4 15. Qxc4 Nxc4 16. Bb3 Nd2 17. Rfd1 Rad8 18. f3 g5 19. Ba2 Rfe8 20. Kf2
h5 21. Re1 e4 22. Rcd1 Rd6 23. c4 e3+ 24. Rxe3 Rxe3 25. Kxe3 Nxc4+ 26. Ke2 Rxd1
27. Kxd1 Ne3+ 28. Ke2 Nxg2 29. b4 Nf4+ 30. Ke3 Kg7 31. b5 f5 32. c4 Kf6 33. a4
b6 34. Kd4 Ne6+ 35. Kd5 g4 36. fxg4 hxg4 37. Bb3 f4 38. Bd1 g3 39. hxg3 fxg3
40. Bf3 g2 41. Bxg2 Nf4+ 42. Kc6 Nxg2 43. Kxc7 Ne3 44. Kb7 Ke6 45. Kxa7 Nxc4
46. Ka6 Kd6 47. Kb7 Kc5 48. Ka6 Kb4 49. a5 bxa5 50. b6 Nxb6 51. Kxb6 a4 {
WitPaard resigns} 0-1

[Event "ICS rated blitz match"]
[Site "204.178.125.65"]
[Date "2000.08.15"]
[Round "?"]
[White "Dorky"]
[Black "Hossa"]
[Result "0-1"]
[WhiteElo "2331"]
[BlackElo "2542"]
[PlyCount "100"]
[EventDate "2000.??.??"]

1. Nf3 d5 2. g3 Nc6 3. e3 e5 4. d3 Nf6 5. Nbd2 e4 6. dxe4 dxe4 7. Ng5 Bf5 8.
Bg2 Bg4 9. f3 exf3 10. Bxf3 Ne5 11. h3 Nxf3+ 12. Ngxf3 Be6 13. e4 Qe7 14. Ng5
Bd7 15. Rh2 Qe5 16. Nf1 Bb5 17. Bf4 Qxb2 18. Nd2 Bb4 19. e5 Ne4 20. Ngxe4 Qd4
21. Nf2 Bxd2+ 22. Bxd2 Qxe5+ 23. Ne4 Qxe4+ 24. Kf2 O-O-O 25. Kg1 f5 26. Rb1 Bc4
27. Rb4 c5 28. Ra4 a6 29. Rf2 g5 30. Qb1 f4 31. gxf4 gxf4 32. Bxf4 Rhg8+ 33.
Kh2 Rg6 34. Ra3 Rf8 35. Raf3 Bd5 36. Qf1 h5 37. Re3 Qa4 38. Bg3 Rd8 39. Rd2 Rg5
40. h4 Rxg3 41. Qf5+ Kb8 42. Rxg3 Qxh4+ 43. Rh3 Qc4 44. Qg5 Rg8 45. Qe5+ Ka7
46. Rxh5 Qg4 47. Rf2 Qg1+ 48. Kh3 Bg2+ 49. Rxg2 Qxg2+ 50. Kh4 Rg4# {
Dorky checkmated} 0-1

[Event "ICS rated blitz match"]
[Site "204.178.125.65"]
[Date "2000.08.15"]
[Round "?"]
[White "Hossa"]
[Black "Dorky"]
[Result "1-0"]
[WhiteElo "2549"]
[BlackElo "2324"]
[PlyCount "185"]
[EventDate "2000.??.??"]

1. Nf3 Nf6 2. b3 g6 3. Bb2 Bg7 4. g3 O-O 5. Bg2 d6 6. d4 c5 7. dxc5 Qa5+ 8.
Nbd2 Qxc5 9. O-O Rd8 10. Bxf6 exf6 11. Ne4 Qc7 12. Rc1 d5 13. Ned2 d4 14. Nc4
Nc6 15. Qd2 Be6 16. Rfd1 Qe7 17. Na5 Nxa5 18. Qxa5 Rd5 19. Qd2 Rad8 20. a4 Kh8
21. Ra1 Kg8 22. Rac1 Qc5 23. Ne1 R5d7 24. Nd3 Qf5 25. Bf3 Re8 26. g4 Qg5 27.
Qxg5 fxg5 28. Nc5 Rde7 29. Nxb7 Bxg4 30. Bxg4 Rxb7 31. a5 Rbe7 32. Bf3 Be5 33.
Rd3 Rc8 34. e3 dxe3 35. Rxe3 Rc3 36. Rce1 Kf8 37. Rxe5 Rxe5 38. Rxe5 Rxf3 39.
Rb5 Rc3 40. Rb7 Rxc2 41. Rxa7 Rc1+ 42. Kg2 Rc5 43. a6 Rc6 44. b4 Rb6 45. Ra8+
Kg7 46. a7 Rxb4 47. Rg8+ Kxg8 48. a8=Q+ Kg7 49. Qa1+ f6 50. Qa7+ Kh6 51. Qe7
Rg4+ 52. Kf1 f5 53. Qf8+ Kh5 54. Qg7 h6 55. Qc3 Re4 56. Qd3 g4 57. Qd6 Kg5 58.
Qd8+ Kh5 59. Qd3 Re7 60. Qd6 Re8 61. Kg2 Re4 62. Qd1 Kg5 63. Qd2+ Kh5 64. Qd8
Re5 65. Qf6 Ra5 66. Kf1 Ra2 67. Qc3 f4 68. Qe5+ g5 69. Qf6 Rc2 70. Qf7+ Kh4 71.
Qe6 h5 72. Qe1 f3 73. Kg1 Re2 74. Qf1 Rc2 75. Kh1 g3 76. hxg3+ Kg4 77. Kh2 h4
78. Qh3+ Kh5 79. g4+ Kh6 80. Qxf3 Kg7 81. Qb7+ Kf6 82. Qb6+ Kg7 83. Qd4+ Kg8
84. Qd5+ Kh8 85. Qe5+ Kh7 86. Qf5+ Kh6 87. Qxc2 Kg7 88. Qf5 Kh6 89. Qf7 h3 90.
f4 gxf4 91. Kxh3 f3 92. Kh4 f2 93. g5# {Dorky checkmated} 1-0

[Event "ICS rated blitz match"]
[Site "204.178.125.65"]
[Date "2000.08.15"]
[Round "?"]
[White "Dorky"]
[Black "Hossa"]
[Result "1-0"]
[WhiteElo "2317"]
[BlackElo "2556"]
[PlyCount "105"]
[EventDate "2000.??.??"]

1. d4 Nf6 2. c4 c5 3. d5 b5 4. cxb5 a6 5. bxa6 g6 6. Nc3 Bxa6 7. e4 Bxf1 8.
Kxf1 d6 9. g3 Bg7 10. Kg2 Nbd7 11. Qe2 O-O 12. Nf3 e6 13. dxe6 fxe6 14. Rd1 Ne8
15. Bg5 Qa5 16. Be7 Rf7 17. Bxd6 Bxc3 18. bxc3 Nxd6 19. Rxd6 Qxc3 20. Rb1 Rxa2
21. Qxa2 Qxf3+ 22. Kg1 Nf8 23. Qc2 c4 24. Rc6 e5 25. Rd1 h6 26. Rdd6 h5 27.
Rxc4 h4 28. Rc3 Qg4 29. Rd5 hxg3 30. hxg3 Ra7 31. Rxe5 Qh3 32. Qb3+ Kh8 33. Qd1
Rh7 34. Qf3 Kg8 35. Qg2 Qd7 36. Rd5 Qg7 37. e5 Rh5 38. Qe4 Qb7 39. Rc4 Qb2 40.
Rdc5 Qa1+ 41. Rc1 Qa2 42. Rc6 Qf7 43. e6 Qe7 44. Rc8 Rh6 45. R1c7 Qd6 46. Qf3
Rh7 47. e7 Qd1+ 48. Qxd1 Rxe7 49. Rxf8+ Kh7 50. Rxe7+ Kh6 51. Rh8+ Kg5 52. Qd5+
Kf6 53. Rf7# {Hossa checkmated} 1-0

[Event "ICS rated blitz match"]
[Site "204.178.125.65"]
[Date "2000.08.15"]
[Round "?"]
[White "Hossa"]
[Black "Purporc"]
[Result "1-0"]
[WhiteElo "2531"]
[BlackElo "1951"]
[PlyCount "39"]
[EventDate "2000.??.??"]

1. Nf3 d6 2. d4 Bd7 3. e4 Na6 4. Bxa6 bxa6 5. c4 e6 6. Nc3 h5 7. e5 g6 8. O-O
Bh6 9. Bxh6 Nxh6 10. exd6 cxd6 11. Ne4 Ng4 12. Nxd6+ Kf8 13. h3 Kg7 14. hxg4
hxg4 15. Nxf7 Kxf7 16. Ne5+ Kg7 17. Qxg4 Be8 18. Rfe1 Rh4 19. Qxe6 Bf7 20.
Qxf7+ {Purporc resigns} 1-0

[Event "ICS rated blitz match"]
[Site "204.178.125.65"]
[Date "2000.08.15"]
[Round "?"]
[White "Purporc"]
[Black "Hossa"]
[Result "0-1"]
[WhiteElo "1950"]
[BlackElo "2532"]
[PlyCount "98"]
[EventDate "2000.??.??"]

1. d3 d5 2. Bd2 e5 3. Na3 Bxa3 4. bxa3 Ne7 5. h4 Bg4 6. g3 Nd7 7. Bh3 Bxh3 8.
Nxh3 c5 9. e3 O-O 10. Kf1 Qb6 11. Ng5 h6 12. Nh3 Qa6 13. Qh5 Qa4 14. Ng5 Qxc2
15. Ke2 Nf6 16. Qf3 e4 17. Qg2 hxg5 18. hxg5 exd3+ 19. Ke1 Ne4 20. Rd1 Nxd2 21.
Rxd2 Qc1+ 22. Rd1 Qc3+ 23. Rd2 Qa1+ 24. Rd1 Qxa2 25. Rxd3 Qa1+ 26. Rd1 Qc3+ 27.
Rd2 f6 28. g6 Qc1+ 29. Rd1 Qc3+ 30. Rd2 Rfc8 31. Qh3 Nxg6 32. Qe6+ Kf8 33. Qd6+
Ne7 34. Rh8+ Kf7 35. Rxc8 Rxc8 36. g4 Qxa3 37. g5 Qc1+ 38. Ke2 Qc4+ 39. Ke1 Rh8
40. g6+ Kxg6 41. Qg3+ Kf7 42. Qg2 g5 43. f4 Qc1+ 44. Ke2 gxf4 45. exf4 Re8 46.
Kd3 Qc4+ 47. Ke3 Nf5+ 48. Kf3 Qe4+ 49. Kg4 Rg8+ {Purporc resigns} 0-1

[Event "ICS rated blitz match"]
[Site "204.178.125.65"]
[Date "2000.08.15"]
[Round "?"]
[White "Hossa"]
[Black "Purporc"]
[Result "1/2-1/2"]
[WhiteElo "2533"]
[BlackElo "1938"]
[PlyCount "130"]
[EventDate "2000.??.??"]

1. Nf3 b6 2. e4 Bb7 3. Bc4 e6 4. d3 d5 5. exd5 exd5 6. Bb5+ c6 7. Ba4 Nf6 8.
O-O Be7 9. Re1 O-O 10. Bg5 Nbd7 11. Nd4 b5 12. Nf5 Re8 13. Bb3 a5 14. a4 b4 15.
Nd2 h6 16. Bh4 c5 17. Qf3 Bf8 18. Qg3 Kh7 19. f4 Qc7 20. Qf2 g6 21. Ng3 Bg7 22.
Qf3 c4 23. Ba2 c3 24. bxc3 Qxc3 25. Ngf1 Qxc2 26. Bb3 Qc5+ 27. Bf2 Qd6 28. f5
g5 29. Bd4 Rac8 30. Rxe8 Rxe8 31. Rc1 Ne5 32. Qh3 Ba6 33. Re1 Nxd3 34. Rxe8
Nxe8 35. Qe3 Nf6 36. Nf3 Ng4 37. Qe8 Bxd4+ 38. Nxd4 Nge5 39. Ne3 Qc5 40. Ndc2
Bc4 41. Bxc4 dxc4 42. Kf1 b3 43. Ng4 Nxg4 44. Qxf7+ Kh8 45. Qe8+ Kg7 46. Qd7+
Kf8 47. Nd4 Nxh2+ 48. Kg1 b2 49. Kxh2 Qe5+ 50. g3 b1=Q 51. Ne6+ Qxe6 52. Qxe6
Qc2+ 53. Kh3 Nf2+ 54. Kg2 Ng4+ 55. Kh3 Nf2+ 56. Kg2 Ng4+ 57. Kh3 Qe4 58. Qc8+
Kf7 59. Qd7+ Kf8 60. Qc8+ Kf7 61. Qd7+ Kf6 62. Qd6+ Kxf5 63. Qg6+ Ke5 64. Qd6+
Kf5 65. Qg6+ Kxg6 {Hossa stalemated} 1/2-1/2

[Event "ICS rated blitz match"]
[Site "204.178.125.65"]
[Date "2000.08.15"]
[Round "?"]
[White "Purporc"]
[Black "Hossa"]
[Result "1-0"]
[WhiteElo "1953"]
[BlackElo "2518"]
[PlyCount "87"]
[EventDate "2000.??.??"]

1. d4 Nf6 2. Nc3 d5 3. e4 dxe4 4. f3 exf3 5. Nxf3 e6 6. Bc4 Nc6 7. O-O a6 8.
Bg5 h6 9. Bxf6 gxf6 10. d5 Na5 11. Be2 Rg8 12. Kh1 b6 13. Qd4 e5 14. Qe4 Ra7
15. Rae1 Rg4 16. Qe3 Rg7 17. Nd4 Rg8 18. Ne4 Be7 19. c4 Ra8 20. b4 Rg6 21. bxa5
exd4 22. Qxd4 f5 23. Ng3 Bf6 24. Qd2 Bg5 25. Qd3 Be7 26. Nxf5 Bxf5 27. Qxf5 Rf6
28. Qh7 Kd7 29. Rxf6 Bxf6 30. Qxf7+ Kc8 31. axb6 Kb7 32. bxc7 Qe7 33. Rb1+ Ka7
34. Qxe7 Bxe7 35. Bg4 Rg8 36. c8=Q Rxc8 37. Bxc8 Bg5 38. Rb7+ Ka8 39. d6 Bf4
40. c5 a5 41. d7 h5 42. d8=Q Bd2 43. Qxd2 a4 44. Qa5# {Hossa checkmated} 1-0

[Event "ICS rated blitz match"]
[Site "204.178.125.65"]
[Date "2000.08.15"]
[Round "?"]
[White "PostModernist"]
[Black "Hossa"]
[Result "1-0"]
[WhiteElo "2723"]
[BlackElo "2487"]
[PlyCount "129"]
[EventDate "2000.??.??"]

1. d4 Nf6 2. c4 Nc6 3. Nf3 e6 4. Nc3 Bb4 5. Qc2 d6 6. a3 Bxc3+ 7. Qxc3 O-O 8.
b4 e5 9. dxe5 Nxe5 10. Nxe5 dxe5 11. Qxe5 Re8 12. Qb2 a5 13. Bg5 axb4 14. axb4
Rxa1+ 15. Qxa1 Qd3 16. Bxf6 gxf6 17. e3 Qb3 18. Qxf6 Qxb4+ 19. Kd1 Bg4+ 20. Kc2
Qa4+ 21. Kb2 Qa5 22. Qc3 Qc5 23. Bd3 Ra8 24. Ra1 Re8 25. h3 Be6 26. Ra5 Qb6+
27. Rb5 Qa6 28. Rg5+ Kf8 29. Qb4+ Re7 30. Bxh7 f6 31. Ra5 Qd6 32. Qxd6 cxd6 33.
Bd3 Rc7 34. Kb3 Ke7 35. h4 b6 36. Rb5 Rc6 37. h5 Bg4 38. h6 Kf8 39. Be4 Rc8 40.
Rxb6 Be6 41. Bd3 Bg4 42. f3 Bh5 43. g4 Be8 44. h7 Kg7 45. Rxd6 Bf7 46. Rd7 Rb8+
47. Kc3 Rc8 48. Bf5 Re8 49. Kd4 Ra8 50. Be6 Kxh7 51. Rxf7+ Kg6 52. Rc7 Rd8+ 53.
Rd7 Rxd7+ 54. Bxd7 Kf7 55. c5 Ke7 56. c6 Kd6 57. f4 Ke7 58. Kd5 Kf7 59. c7 Ke7
60. Be6 Kf8 61. c8=Q+ Kg7 62. Qg8+ Kh6 63. Qh8+ Kg6 64. f5+ Kg5 65. Qh5# {
Hossa checkmated} 1-0

[Event "ICS rated standard match"]
[Site "204.178.125.65"]
[Date "2000.08.15"]
[Round "?"]
[White "Flashblack"]
[Black "Hossa"]
[Result "0-1"]
[WhiteElo "2060"]
[BlackElo "2257"]
[PlyCount "78"]
[EventDate "2000.??.??"]

1. e4 e5 2. Nf3 Nc6 3. Bb5 a6 4. Ba4 Nf6 5. O-O Be7 6. Qe2 b5 7. Bb3 O-O 8. c3
d6 9. Rd1 Be6 10. Bc2 Qd7 11. d4 Bc4 12. Bd3 Bxd3 13. Rxd3 Qg4 14. h3 Qxe4 15.
Re3 Qf4 16. dxe5 Nd5 17. exd6 Bxd6 18. Bd2 Nxe3 19. Bxe3 Qf5 20. Nbd2 Qc2 21.
Rb1 Rfe8 22. Ne1 Qg6 23. Rc1 Rad8 24. Nef3 Bf4 25. Nf1 Qf5 26. Rd1 Rd6 27. Rxd6
Bxd6 28. Qd1 Ne5 29. N1d2 Nd3 30. b3 Qg6 31. c4 Bb4 32. cxb5 axb5 33. a4 c6 34.
axb5 cxb5 35. Qc2 Ra8 36. g4 Qd6 37. Ne4 Qd5 38. Ned2 Ra1+ 39. Kg2 Ne1+ {
Flashblack resigns} 0-1

[Event "ICS rated blitz match"]
[Site "204.178.125.65"]
[Date "2000.08.15"]
[Round "?"]
[White "Hossa"]
[Black "LrGenius"]
[Result "0-1"]
[WhiteElo "2480"]
[BlackElo "2308"]
[PlyCount "104"]
[EventDate "2000.??.??"]

1. e4 e6 2. d4 d5 3. e5 c5 4. c3 Nc6 5. Nf3 Qb6 6. a3 Nh6 7. b3 cxd4 8. cxd4
Nf5 9. Bb2 Be7 10. Bd3 O-O 11. O-O Bd7 12. g4 Nh4 13. Nxh4 Bxh4 14. Kh1 f6 15.
f4 fxe5 16. dxe5 Bf2 17. Bxh7+ Kxh7 18. Qc2+ Kg8 19. Rxf2 Rac8 20. Qd2 Qxb3 21.
Nc3 Na5 22. Qd4 Rc4 23. Qd2 Bc6 24. Nd1 b6 25. Ne3 d4+ 26. Ng2 d3 27. Rc1 Rxc1+
28. Bxc1 Nc4 29. Qe1 Nxa3 30. h4 Nc2 31. Qf1 a5 32. Kh2 a4 33. Ne3 Nxe3 34.
Bxe3 a3 35. Qc1 Qd5 36. Qa1 Ra8 37. Ra2 b5 38. Rf2 b4 39. Bd2 b3 40. Bc3 b2 41.
Bxb2 axb2 42. Qxb2 Qh1+ 43. Kg3 Qg1+ 44. Kh3 Ra1 45. h5 Qh1+ 46. Rh2 Qf3+ 47.
Kh4 Qxf4 48. Rh3 Rg1 49. Qb8+ Kh7 50. Qh8+ Kxh8 51. Rg3 Qxg3+ 52. Kg5 Qxg4# {
Hossa checkmated} 0-1